<?xml version="1.0" encoding="UTF-8"?>
<marc:record xmlns:marc="http://www.loc.gov/MARC21/slim">
   <marc:leader>00000nam a2200000 a 4500</marc:leader>
   <marc:datafield ind1="1" ind2=" " tag="100">
      <marc:subfield code="a">Köhlmeier, Michael</marc:subfield>
      <marc:subfield code="4">aut</marc:subfield>
      <marc:subfield code="e">Verfasser/-in</marc:subfield>
   </marc:datafield>
   <marc:datafield ind1="1" ind2=" " tag="100">
      <marc:subfield code="a">Liessmann, Konrad Paul</marc:subfield>
      <marc:subfield code="4">aut</marc:subfield>
      <marc:subfield code="e">Verfasser/-in</marc:subfield>
   </marc:datafield>
   <marc:datafield ind1="0" ind2="0" tag="245">
      <marc:subfield code="a">Wer hat dir gesagt, dass du nackt bist, Adam?</marc:subfield>
   </marc:datafield>
   <marc:datafield ind1="0" ind2="0" tag="245">
      <marc:subfield code="b">mythologisch-philosophische Verführungen</marc:subfield>
   </marc:datafield>
   <marc:datafield ind1="0" ind2="0" tag="245">
      <marc:subfield code="c">Michael Köhlmeier ; Konrad Paul Liessmann</marc:subfield>
   </marc:datafield>
   <marc:datafield ind1=" " ind2="1" tag="264">
      <marc:subfield code="a">München</marc:subfield>
      <marc:subfield code="b">Hanser</marc:subfield>
      <marc:subfield code="c">2016</marc:subfield>
   </marc:datafield>
   <marc:datafield ind1="1" ind2=" " tag="520">
      <marc:subfield code="a">(I-16/19-C3) Bestsellertitel Wer bin ich? Was bedeutet Freiheit? Was ist Schönheit? Immer wieder stoßen wir im Leben auf ganz grundsätzliche Fragen und suchen in der Literatur und in der Philosophie nach Antworten. Michael Köhlmeier ist ein großer Erzähler und Konrad Paul Liessmann ein brillanter Philosoph, der sehr anschaulich erklären kann. Zu zwölf Schlüsselbegriffen unseres Lebens erzählt Michael Köhlmeier eine Geschichte, inspiriert von antiken Mythen oder Volksmärchen  anschließend zeigt Konrad Paul Liessmann in seiner Interpretation, was er daraus über die Spielregeln und Möglichkeiten unserer Welt herausliest. Ein großartiger Dialog, ein wunderbares Denk- und Lesevergnügen.</marc:subfield>
   </marc:datafield>
   <marc:datafield ind1=" " ind2=" " tag="020">
      <marc:subfield code="a">9783446252882</marc:subfield>
      <marc:subfield code="9">9783446252882</marc:subfield>
   </marc:datafield>
   <marc:datafield ind1=" " ind2=" " tag="041">
      <marc:subfield code="a">ger</marc:subfield>
   </marc:datafield>
   <marc:datafield ind1="1" ind2=" " tag="521">
      <marc:subfield code="a">0</marc:subfield>
   </marc:datafield>
   <marc:datafield ind1=" " ind2=" " tag="300">
      <marc:subfield code="a">240 Seiten</marc:subfield>
   </marc:datafield>
</marc:record>
